000
00289nam a2200133Ia 4500
100
_a
None
942
_c
BK
654
_a
design & manufacturing
245
_a
Product Design & Manufacturing
260
_b
Prentice Hall
_a
Tokyo
_c
1974
300
_a
447
546
_a
ENGLISH
999
_c
27872
_d
27872